[Event "Cappelle Online Blitz op 1st"]
[Site "Europe Echecs INT"]
[Date "2021.01.10"]
[Round "10"]
[White "Barzic, Mickael"]
[Black "Macai, Ioan"]
[Result "1-0"]
[WhiteElo "1544"]
[BlackElo "1828"]
[PlyCount "53"]
[EventDate "2021.01.10"]
[EventType "swiss (blitz)"]
[EventRounds "11"]
[EventCountry "FRA"]
[SourceTitle "CBM 200 Extra"]
[Source "ChessBase"]
[SourceDate "2021.03.31"]
[SourceVersion "1"]
[SourceVersionDate "2021.03.31"]
[SourceQuality "1"]

1. f4 c5 2. Nf3 Nc6 3. e3 d6 4. Be2 Nf6 5. b3 g6 6. Bb2 Bg7 7. 0-0 0-0 8. Na3 a6 9. Rb1 Qb6 10. c4 Bg4 11. Nc2 Qa5 12. a3 Rad8 13. Bc3 Qc7 14. Qe1 d5 15. Qh4 Bxf3 16. Rxf3 d4 17. exd4 cxd4 18. Bb2 Qb6 19. Ne1 d3+ 20. Kh1 dxe2 21. Rh3 h5 22. g4 Ne4 23. gxh5 Nf2+ 24. Kg2 Nxh3 25. Kxh3 Rxd2 26. hxg6 Rxb2 27. Qh7# 1-0

[Event "Cappelle Online Blitz op 1st"]
[Site "Europe Echecs INT"]
[Date "2021.01.10"]
[Round "5"]
[White "Macai, Ioan"]
[Black "Nicot, Valentin"]
[Result "1-0"]
[WhiteElo "1828"]
[BlackElo "1041"]
[PlyCount "159"]
[EventDate "2021.01.10"]
[EventType "swiss (blitz)"]
[EventRounds "11"]
[EventCountry "FRA"]
[SourceTitle "CBM 200 Extra"]
[Source "ChessBase"]
[SourceDate "2021.03.31"]
[SourceVersion "1"]
[SourceVersionDate "2021.03.31"]
[SourceQuality "1"]

1. d4 Nf6 2. c4 g6 3. Nc3 Bg7 4. Bg5 0-0 5. Qd2 c6 6. e4 d5 7. e5 Nfd7 8. cxd5 cxd5 9. Nxd5 f6 10. exf6 Nxf6 11. Bxf6 Bxf6 12. Bc4 Kh8 13. Nf3 Nc6 14. Nxf6 Rxf6 15. 0-0 Bg4 16. Ng5 Qxd4 17. Nf7+ Kg7 18. Qh6+ Kg8 19. Ne5+ e6 20. Nxg4 Qxg4 21. f4 Rc8 22. Rf2 Nd4 23. b3 Rcf8 24. Raf1 Nf5 25. Qh3 Qxh3 26. gxh3 Ne3 27. Rc1 Nxc4 28. Rxc4 e5 29. Rc7 b6 30. Rxa7 Rxf4 31. Rxf4 Rxf4 32. Rb7 Rb4 33. Kf2 Rh4 34. Kg3 Rb4 35. h4 h5 36. h3 Rb5 37. Kf3 Rb4 38. Re7 Rb5 39. Ke4 Rb4+ 40. Kxe5 Rxh4 41. Kf6 Rxh3 42. Kxg6 Rg3+ 43. Kxh5 Rh3+ 44. Kg5 Rg3+ 45. Kf4 Rg2 46. a4 Rb2 47. Re3 Kf7 48. Ke5 Ke7 49. Kd5+ Kd7 50. Kc4 Kc6 51. Kb4 Rd2 52. Re6+ Kb7 53. Kb5 Rd5+ 54. Kb4 Rd4+ 55. Kc3 Rd5 56. b4 Rh5 57. Kc4 Rh4+ 58. Kc3 Rh3+ 59. Kd4 Rb3 60. Kc4 Ra3 61. Re7+ Kb8 62. Kb5 Rb3 63. Re6 Kc7 64. Rc6+ Kb8 65. Rxb6+ Kc7 66. a5 Re3 67. Rh6 Re5+ 68. Ka6 Re4 69. b5 Re8 70. b6+ Kb8 71. Rh7 Rf8 72. Rb7+ Ka8 73. Rc7 Kb8 74. Rd7 Ka8 75. Rd6 Kb8 76. b7 Re8 77. Rc6 Rd8 78. Kb6 Re8 79. a6 Rd8 80. a7# 1-0